|
|
|
|
| LEADER |
00744cam a2200205 7i4500 |
| 001 |
0000057197 |
| 005 |
20080214090000.0 |
| 008 |
071230s2006 my 0 may |
| 090 |
0 |
0 |
|a LB 1065
|b .S5 2006
|
| 100 |
0 |
0 |
|a Shukri Abdullah,
|c Dr.
|
| 245 |
1 |
0 |
|a Dari sekolah ke universiti
|c Dr. Shukri Abdulllah.
|
| 260 |
0 |
0 |
|a Kuala Lumpur:
|b Telaga Biru,
|c 2006.
|
| 300 |
|
|
|a 1 compactdisc (45 min.):
|b sd., digital.;
|c 4 3/4.
|
| 490 |
0 |
0 |
|a Kuasai matapelajaran cemerlang peperiksaan
|
| 538 |
0 |
0 |
|a VCD
|
| 650 |
0 |
0 |
|a Academic achievement
|
| 650 |
0 |
0 |
|a Motivation in education
|
| 710 |
2 |
1 |
|a Telaga Biru
|
| 999 |
|
|
|a 1100052880
|b CD-ROM
|c Bahan Sumber Media
|e BILIK BAHAN SUMBER MEDIA
|
| 999 |
|
|
|a 1100051293
|b CD-ROM
|c Bahan Sumber Media
|e BILIK BAHAN SUMBER MEDIA
|